Tích hợp đa văn hóa đông tây cho một chiến lược giáo dục tương lai
Đã lưu trong:
| Tác giả chính: | |
|---|---|
| Định dạng: | Sách |
| Ngôn ngữ: | Vietnamese |
| Được phát hành: |
H.
Giáo dục
1996
|
| Phiên bản: | In lần thứ hai |
| Các nhãn: |
Thêm thẻ
Không có thẻ, Là người đầu tiên thẻ bản ghi này!
|
| Thư viện lưu trữ: | Mạng thư viện Đại học Đà Nẵng |
|---|
| LEADER | 00764nam a2200265 4500 | ||
|---|---|---|---|
| 001 | 000013875 | ||
| 003 | 10222 | ||
| 005 | 20120326080341.0 | ||
| 008 | 120326s1996 viesd | ||
| 020 | |c 0 | ||
| 041 | 0 | |a vie | |
| 082 | |a 306.43 |b NC-P | ||
| 100 | 0 | |a Nguyễn Hoàng Phương | |
| 245 | 0 | |a Tích hợp đa văn hóa đông tây cho một chiến lược giáo dục tương lai |c Nguyễn Hoàng Phương | |
| 250 | |a In lần thứ hai |b có bổ sung, sửa chữa | ||
| 260 | |a H. |b Giáo dục |c 1996 | ||
| 300 | |a 1183 tr. |c 19x27 cm. | ||
| OWN | |a LSP | ||
| 999 | |a From the UDN01 | ||
| TYP | |a Monograph | ||
| TYP | |a Printed language | ||
| 980 | |a Mạng thư viện Đại học Đà Nẵng | ||